Fußballclubs mit den meisten Instagram-Followern - Statistiken

Allgemein
  • Dieses Quiz wurde 1.769 mal gespielt
    583 seit der letzten Aktualisierung
  • Das Durchschnittsergebnis liegt bei 29 aus 61
Antwortstatistiken
Anzahl Follower
(in Millionen)
Kontinent Verein % Korrekt
127 Europa FC Barcelona
98%
42 Europa FC Bayern München
98%
159 Europa Real Madrid
98%
21 Europa Borussia Dortmund
96%
54 Europa Manchester City
93%
64 Europa Manchester United
93%
46 Europa FC Liverpool
87%
12 Europa Inter Mailand
87%
65 Europa Paris St. Germain
87%
16 Europa AC Mailand
84%
42 Europa FC Chelsea
82%
60 Europa Juventus Turin
82%
30 Europa FC Arsenal
81%
17 Europa Atletico Madrid
77%
17 Europa Tottenham Hotspur
71%
4,5 Europa Bayer Leverkusen
67%
17 Nordamerika Inter Miami (USA)
65%
2,1 Europa RB Leipzig
64%
8,7 Europa Ajax Amsterdam
59%
9,5 Südamerika Boca Juniors (ARG)
59%
2,8 Europa Benfica Lissabon
58%
16 Europa Galatasaray Istanbul
58%
3,3 Europa Olympique Marseille
58%
4,7 Europa SSC Neapel
58%
26 Asien Al-Nassr (SAU)
56%
2,5 Europa FC Porto
56%
2,4 Europa Olympique Lyon
56%
7,3 Europa AS Rom
54%
2,3 Europa Sporting Lissabon
54%
8,6 Südamerika River Plate (ARG)
51%
3,6 Europa FC Sevilla
50%
10 Europa Fenerbahce Istanbul
47%
3,9 Europa Aston Villa
44%
2,8 Europa Newcastle United
44%
11 Asien Al-Hilal (SAU)
42%
4,4 Europa West Ham United
42%
6,5 Europa Besiktas Istanbul
41%
3,3 Südamerika FC Santos (BRA)
40%
3,1 Europa Everton
37%
20 Südamerika Flamengo RJ (BRA)
37%
2,1 Europa AS Monaco
36%
6,6 Südamerika Sao Paulo (BRA)
29%
7,9 Europa Leicester City
28%
3,9 Asien Al-Ittihad (SAU)
26%
2,9 Europa Wolverhampton Wanderers
24%
2,2 Europa Brighton & Hove Albion
21%
2 Europa Crystal Palace
20%
2,4 Südamerika Fluminense FC (BRA)
20%
6,2 Asien Al-Ahli FC (SAU)
19%
6,3 Südamerika SE Palmeiras (BRA)
16%
11 Afrika Al Ahly SC (EGY)
10%
5,9 Nordamerika Club America (MEX)
8%
2,2 Südamerika CSD Colo-Colo (CHL)
8%
3,3 Südamerika Gremio Porto Alegre (BRA)
8%
3,2 Afrika Raja Casablanca (MAR)
8%
2,7 Südamerika Cruzeiro Belo Horizonte (BRA)
7%
3 Südamerika Atletico Mineiro (BRA)
4%
3,1 Südamerika CR Vasco da Gama (BRA)
3%
2,1 Südamerika SC Internacional (BRA)
3%
2,2 Afrika Zamalek SC (EGY)
1%
11,5 Südamerika Corinthians (BRA)
0%
Keine übereinstimmenden Quizze gefunden
Verteilung der Resultate
Anzahl Personen mit jedem Resultat
Perzentil nach korrekt beantworteten Fragen
Ihre Resultats-Entwicklung
Sie haben dieses Quiz seit der letzten Aktualisierung nicht gespielt